| 000 | 00959nam a2200313Ia 4500 | ||
|---|---|---|---|
| 003 | OSt | ||
| 005 | 20250605094532.0 | ||
| 008 | 210210b2016 xxu||||| |||| 00| 0 eng d | ||
| 040 | _cAL | ||
| 041 | _aKannada | ||
| 082 | _a617.95K SOMS | ||
| 100 |
_aSOMESHVARA (Na) _dಸೋಮೇಶ್ವರ (ನಾ) _9212850 |
||
| 245 |
_aSattamelu samaja seve: angadana jivadana dehadana jnanadana _bಸತ್ತಮೇಲೂ ಸಮಾಜ ಸೇವೆ: ಅಂಗದಾನ ಜೀವದಾನ ದೇಹದಾನ ಜ್ಞಾನದಾನ |
||
| 250 | _a2 | ||
| 260 |
_aKalaburagi _b- _c2016 |
||
| 300 | _axxx,269 | ||
| 650 |
_aseve: _9212851 |
||
| 650 |
_aSattamelu _9212852 |
||
| 650 |
_asamaja _9212853 |
||
| 650 |
_ajnanadana _9212854 |
||
| 650 |
_ajivadana _9212855 |
||
| 650 |
_aEd _9212856 |
||
| 650 |
_adehadana _9212857 |
||
| 650 |
_aangadana _9212858 |
||
| 650 |
_a2 _9212859 |
||
| 690 |
_aMedical Science _9212860 |
||
| 906 | _a071085 | ||
| 942 |
_2ddc _cBK |
||
| 999 |
_c120457 _d120457 |
||